पकवा- इनार के भूत / (Record no. 211124)
[ view plain ]
| 000 -LEADER | |
|---|---|
| fixed length control field | 00667nam a22001817a 4500 |
| 005 - DATE AND TIME OF LATEST TRANSACTION | |
| control field | 20250425151138.0 |
| 010 ## - LCCN (DPL NO) | |
| LC control number | HIN-129557 |
| 020 ## - INTERNATIONAL STANDARD BOOK NUMBER | |
| Terms of availability | 495.00 |
| International Standard Book Number | 9788119133253 |
| 035 ## - SYSTEM CONTROL NUMBER | |
| System control number | HN-101903 |
| 037 ## - SOURCE OF ACQUISITION | |
| Source of stock number/acquisition | DBAD |
| 082 ## - DEWEY DECIMAL CLASSIFICATION NUMBER | |
| Classification number | उ |
| 100 ## - MAIN ENTRY--PERSONAL NAME | |
| Personal name | राम कठिन सिंह |
| 245 ## - TITLE STATEMENT | |
| Title | पकवा- इनार के भूत / |
| Statement of responsibility, etc | राम कठिन सिंह |
| 260 ## - PUBLICATION, DISTRIBUTION, ETC. (IMPRINT) | |
| Place of publication, distribution, etc | नई दिल्ली |
| Name of publisher, distributor, etc | लोकभारती प्रकाशन |
| Date of publication, distribution, etc | 2023 |
| 270 ## - ADDRESS | |
| Address | 1-बी,दरियागंज |
| City | नई दिल्ली |
| 300 ## - PHYSICAL DESCRIPTION | |
| Extent | 160पृ. |
| Dimensions | 21सेमी (सजिल्द ) |
| 942 ## - ADDED ENTRY ELEMENTS (KOHA) | |
| Source of classification or shelving scheme | Dewey Decimal Classification |
| Item type | Hindi Books |
| Classification part | उ |
| Call number suffix | रामक |
| Withdrawn status | Lost status | Not for loan | Collection code | Home library | Current library | Date acquired | Source of acquisition | Cost, normal purchase price | Full call number | Barcode | Copy number | Cost, replacement price | Koha item type |
|---|---|---|---|---|---|---|---|---|---|---|---|---|---|
| Fiction | Patel Nagar | Patel Nagar | 25/04/2025 | DBAD/PUB | 495.00 | उ रामक | HN-101903 | 1 | 495.00 | Hindi Books |
